00287nam a2200109Ia 4500008004100000082001200041100002800053245003500081260003100116300000800147650002200155191201s2019 xx 000 0 und d a612 DAE aSANYAL DATTA, Chandrani 0aEssentials of human physiology bAITBS PubaNew Delhic2019 a176 aClinical Pharmacy